000 00767nam a22001577a 4500
005 20240723110925.0
008 240723b ||||| |||| 00| 0 eng d
020 _a9781629016078
050 _aR850.An8
100 _9Antwi-Boasiako, Charles
245 _aStatistics and research methods for medical scientists
_ccharles Antwi-Boasiako
260 _aOregon:
_binkwater press,
_c2019
300 _axv,228p.
_c23cm
505 _aContent: Basic concepts and definitions of statistics -- method of sampling and scale of measurement -- distributions -- probability -- measures of central tendencies and measures of spread -- graphical methods of presenting data -- inferential statistics -- graphical methods of presenting data -- inferential statistics
942 _2lcc
_cBK
999 _c10337
_d17837